000 01078nam a22002177a 4500
003 0
005 20260205102431.0
008 260205b xxu||||| |||| 00| 0 eng d
020 _a978-0-545-82878-9
050 _aFIC
_bSt859 1995
082 _aFIC
_bSt859 1995
100 _aStine, R.L.
245 _aA Shocker on shock street /
_cR.L. Stine.
260 _aNew York, NY :
_bScholastic Inc.,
_c1995.
300 _a117 pages ;
_c20 cm.
440 _aGoosebumps
520 _aErin Wright and her best friend, Marty, love horror movies. Especially Shocker on Shock Street movies. All kinds of scary creatures live on Shock Street. The Toadinator. Ape Face. The Mad Mangler. But when Erin and Marty visit the new Shocker Studio Theme Park, they get the scare of their lives. First their tram gets stuck in The Cave of the Living Creeps. Then they're attacked by a group of enormous praying mantises! Real life is a whole lot scarier than the movies. But Shock Street isn't really real. Is it?
650 _aHorror fiction.
650 _aChildren's fiction.
942 _2ddc
_cBK
999 _c368793
_d368793